Central Library OPAC University of Rajshahi

পদার্থ বিদ্যা / (Record no. 47542)

MARC details
000 -LEADER
fixed length control field 01245nam a2200253 a 4500
001 - CONTROL NUMBER
control field 47542
003 - CONTROL NUMBER IDENTIFIER
rucl marc code BD-RjUL
005 - DATE AND TIME OF LATEST TRANSACTION
control field 20211209054334.0
008 - FIXED-LENGTH DATA ELEMENTS--GENERAL INFORMATION
fixed length control field 160809s1984 bg a|||| |||| 00| 0 ben d
035 ## - SYSTEM CONTROL NUMBER
System control number (BD-RjUL)47661
040 ## - CATALOGING SOURCE
Original cataloging agency BD-RjUL
Language of cataloging ben
Transcribing agency BD-RjUL
041 ## - LANGUAGE CODE
Language code of text/sound track or separate title ben
082 ## - DEWEY DECIMAL CLASSIFICATION NUMBER
Edition number 23
Classification number B 530
Author mark and year MAP 1983-1985
100 10 - MAIN ENTRY--PERSONAL NAME
Personal name মাসুদ, আ. র. ম.
9 (RLIN) 124138
245 ## - TITLE STATEMENT
Title পদার্থ বিদ্যা /
Statement of responsibility, etc. আ. র. ম. মাসুদ, মুস্তফা হামিদ হোসেন , মুহাম্মদ গোলাম হোসেন
260 ## - PUBLICATION, DISTRIBUTION, ETC. (IMPRINT)
Place of publication, distribution, etc. ঢাকা :
Name of publisher, distributor, etc. বাংলা একাডেমী,
Date of publication, distribution, etc. ১৯৮৩-১৯৮৫
300 ## - PHYSICAL DESCRIPTION
Pagination খন্ড
Illustrations চিত্র ;
Size ২৩ সেমি.
505 ## - FORMATTED CONTENTS NOTE
Formatted contents note খন্ড ১, বলবিদ্যা, তরঙ্গ ও তাপবিদ্যা -- খন্ড ২, তড়িৎ বিদ্যা --
650 ## - SUBJECT ADDED ENTRY--TOPICAL TERM
Topical term or geographic name as entry element পদার্থবিদ্যা
9 (RLIN) 124139
Topical term or geographic name as entry element Physics
9 (RLIN) 124140
700 ## - ADDED ENTRY--PERSONAL NAME
Personal name হোসেন, মুস্তফা হামিদ, যুগ্ম লেখক
Personal name হোসেন, মুহাম্মদ গোলাম, যুগ্ম লেখক
942 ## - ADDED ENTRY ELEMENTS (KOHA)
Source of classification or shelving scheme Dewey Decimal Classification
Koha item type Books
Holdings
Lost status Source of classification or shelving scheme Damaged status Not for loan Collection code Permanent Location Current Location Shelving location Date acquired Source of acquisition Cost, normal purchase price Total Checkouts Full call number Date last seen Copy number Koha item type
  Dewey Decimal Classification     Non-fiction Central Library, University of Rajshahi Central Library, University of Rajshahi   25/10/1987 Bangla Academy 50.00   B 530 MAP V-2 1984 09/08/2016 C-2 Books
  Dewey Decimal Classification     Non-fiction Central Library, University of Rajshahi Central Library, University of Rajshahi   25/10/1987 Bangla Academy 50.00   B 530 MAP V-3 1985 18/08/2016 C-2 Books
  Dewey Decimal Classification     Non-fiction Central Library, University of Rajshahi Central Library, University of Rajshahi   25/10/1987 Bangla Academy, Dhaka 75.00   B 530 MAP V-3 1985 20/08/2016 C-3 Books
  Dewey Decimal Classification     Non-fiction Central Library, University of Rajshahi Central Library, University of Rajshahi   27/09/1992 Bangla Academy , Dhaka 75.00   B 530 MAP V-3 1985 22/08/2016 C-4 Books
  Dewey Decimal Classification   Not For Loan Non-fiction Central Library, University of Rajshahi Central Library, University of Rajshahi Reading Room 25/10/1987 Bangla Academy 125.00   B 530 MAP V-1 1983 08/05/2017 C-1 Books